บันทึกนักการทูต / (ระเบียนเลขที่ 98768)
| 000 -LEADER | |
|---|---|
| fixed length control field | 01873nam a22002537a 4500 |
| 003 - CONTROL NUMBER IDENTIFIER | |
| control field | NALT |
| 005 - DATE AND TIME OF LATEST TRANSACTION | |
| control field | 20251105094846.0 |
| 008 - FIXED-LENGTH DATA ELEMENTS--GENERAL INFORMATION | |
| fixed length control field | 211223b th ||||| |||| 00| 0 tha d |
| 020 ## - INTERNATIONAL STANDARD BOOK NUMBER | |
| International Standard Book Number | 9786165881210 |
| 040 ## - CATALOGING SOURCE | |
| Original cataloging agency | NALT |
| 050 ## - LIBRARY OF CONGRESS CALL NUMBER | |
| Classification number | DS 578.32 |
| Item number | ค144บ 2564 |
| 100 0# - MAIN ENTRY--PERSONAL NAME | |
| 9 (RLIN) | 44455 |
| Personal name | คมกริช วรคามิน |
| 245 10 - TITLE STATEMENT | |
| Title | บันทึกนักการทูต / |
| Statement of responsibility, etc. | คมกริช วรคามิน. |
| 250 ## - EDITION STATEMENT | |
| Edition statement | พิมพ์ครั้งแรก |
| 260 ## - PUBLICATION, DISTRIBUTION, ETC. | |
| Place of publication, distribution, etc. | กรุงเทพฯ : |
| Name of publisher, distributor, etc. | กิจไพศาลการพิมพ์และซัพพลายส์, |
| Date of publication, distribution, etc. | 2564. |
| 300 ## - PHYSICAL DESCRIPTION | |
| Extent | 279 หน้า : |
| Other physical details | ภาพประกอบ ; |
| Dimensions | 21 ซม. |
| 505 2# - FORMATTED CONTENTS NOTE | |
| Formatted contents note | 1. เส้นทางนักการทูต -- <br/>2. รัฐศาสตร์ที่มหาวิทยาลัยธรรมศาสตร์ -- <br/>3. รัฐศาสตร์ที่มหาวิทยาลัยฮาวาย -- <br/>4. เจ้าหน้าที่โต๊ะเวียดนาม -- <br/>5. นักการทูตเทอมแรกที่กรุงฮานอย -- <br/>6. ประสบการณ์นักการทูตระหว่างปี 2533-2552 -- <br/>7. นักการทูตเทอมที่สองที่กรุงฮานอย -- <br/>8. กงสุลใหญ่ ณ นครแวนคูเวอร์ -- <br/>9. เอกอัครราชทูต ณ กรุงบูคาเรสต์ -- <br/>10. ความลงท้าย. |
| 600 04 - SUBJECT ADDED ENTRY--PERSONAL NAME | |
| 9 (RLIN) | 55271 |
| Personal name | คมกริช วรคามิน |
| General subdivision | ชีวประวัติ |
| 850 ## - HOLDING INSTITUTION | |
| Holding institution | NALT |
| 942 ## - ADDED ENTRY ELEMENTS (KOHA) | |
| Koha item type | General Book |
| Source of classification or shelving scheme | Library of Congress Classification |
| 996 ## - STAFF PROCESSING RECORDS (NALT) | |
| Staff name | varee.k |
| Staff type | LIBSTF |
| Acquisition or Cataloging date | 2025-11-04 |
| 998 ## - STAFF NAME (NALT) | |
| -- | 111 |
| -- | นางสาวพจพิณ พรมเอี่ยม |
| Withdrawn status | Lost status | Source of classification or shelving scheme | Damaged status | Not for loan | Collection code | Home library | Current library | Shelving location | Date acquired | Total Checkouts | Full call number | Barcode | Date last seen | Date last checked out | Copy number | Price effective from | Koha item type | Source of acquisition |
|---|---|---|---|---|---|---|---|---|---|---|---|---|---|---|---|---|---|---|
| Library of Congress Classification | General Book collection | National Assembly Library of Thailand | National Assembly Library of Thailand | General Book shelves | 23/12/2021 | 1 | DS 578.32 ค144บ 2564 | 3961212556 | 12/11/2025 | 05/11/2025 | ฉ.1 | 23/12/2021 | General Book | |||||
| Library of Congress Classification | General Book collection | National Assembly Library of Thailand | National Assembly Library of Thailand | General Book shelves | 03/11/2025 | DS 578.32 ค144บ 2564 | 3961215864 | 03/11/2025 | ฉ.2 | 03/11/2025 | General Book | หน่วยงานภาครัฐ |
